| 000 | 00642cam a22002171 4500 | ||
|---|---|---|---|
| 001 | sa 64001489 | ||
| 003 | DLC | ||
| 005 | 20260227112003.0 | ||
| 008 | 841012s1963 pk 000 0 eng | ||
| 010 | _asa 64001489 | ||
| 025 | _aPL480:P-E-342 | ||
| 035 | _a(OCoLC)11258463 | ||
| 040 |
_aDLC _cWU _dDLC |
||
| 042 | _apremarc | ||
| 050 | 0 | 0 |
_aAZ777 _b.N3 |
| 100 | 1 | _aNadvi, Syed Sulaiman. | |
| 245 | 1 | 4 | _aThe education of Hindus under Muslim rule. |
| 260 |
_aKarachi, _bAcademy of Educational Research, All Pakistan Educational Conference, _c1963. |
||
| 300 |
_aviii, 138 p. _c19 cm. |
||
| 650 | 0 |
_aLearning and scholarship _zMogul Empire. |
|
| 999 |
_c56773 _d56773 |
||